Lufthansa Destinations on a Map - Statistics

General Stats
  • This quiz has been taken 1,757 times
    1,741 since last reset
  • The average score is 141 of 227
Answers on the Map
Answers color-coded by a green-red scale on the quiz's map according to % correct below.
 
Answer Stats
Group City % Correct
Current Destinations New York City
94%
Current Destinations Los Angeles
92%
Current Destinations Mexico City
92%
Current Destinations Tokyo
91%
Current Destinations London
90%
Current Destinations Miami
90%
Current Destinations Paris
90%
Current Destinations San Francisco
90%
Current Destinations Berlin
89%
Current Destinations Madrid
89%
Current Destinations Moscow
89%
Current Destinations Rio de Janeiro
89%
Current Destinations Chicago
88%
Current Destinations Dublin
88%
Current Destinations Lisbon
88%
Current Destinations Seattle
88%
Current Destinations Seoul
88%
Current Destinations Barcelona
87%
Current Destinations Beijing
87%
Current Destinations Buenos Aires
87%
Current Destinations Delhi
87%
Current Destinations Istanbul
87%
Current Destinations Rome
87%
Current Destinations Toronto
87%
Current Destinations Vancouver
87%
Current Destinations Boston
86%
Current Destinations Cairo
86%
Current Destinations Cape Town
86%
Current Destinations Dallas
86%
Current Destinations Dubai
86%
Current Destinations Oslo
86%
Current Destinations São Paulo
86%
Current Destinations Washington, D.C.
86%
Current Destinations Amsterdam
85%
Current Destinations Bangkok
85%
Current Destinations Houston
85%
Current Destinations Kyiv
85%
Current Destinations Manchester
85%
Current Destinations Shanghai
85%
Current Destinations Athens
84%
Current Destinations Johannesburg
84%
Current Destinations Mumbai
84%
Hubs Munich
84%
Current Destinations Singapore
84%
Current Destinations Stockholm
84%
Current Destinations Brussels
83%
Current Destinations Copenhagen
83%
Current Destinations Helsinki
83%
Current Destinations Hong Kong
83%
Current Destinations Milan
83%
Current Destinations Osaka
83%
Current Destinations Panama City
83%
Current Destinations Vienna
83%
Current Destinations Warsaw
83%
Current Destinations Bogota
82%
Hubs Frankfurt
82%
Current Destinations Saint Petersburg
82%
Current Destinations San Diego
82%
Current Destinations Atlanta
81%
Current Destinations Edinburgh
81%
Current Destinations Hamburg
81%
Current Destinations Porto
81%
Current Destinations Zürich
81%
Current Destinations Denver
80%
Current Destinations Glasgow
80%
Current Destinations Montreal
80%
Current Destinations Tel Aviv
80%
Current Destinations Budapest
79%
Current Destinations Marseille
79%
Current Destinations Naples
79%
Current Destination Orlando
79%
Current Destinations Reykjavík
79%
Current Destinations Riga
79%
Current Destinations Bucharest
78%
Current Destinations Detroit
78%
Current Destinations Kuwait City
78%
Current Destinations Nice
78%
Current Destinations Prague
78%
Current Destinations Tehran
78%
Current Destinations Venice
78%
Current Destinations Austin
77%
Current Destinations Minsk
77%
Current Destinations Nairobi
77%
Current Destinations Addis Ababa
76%
Current Destinations Casablanca
76%
Current Destinations Geneva
76%
Current Destinations Lagos
76%
Current Destinations Lyon
76%
Current Destinations Philadelphia
76%
Current Destinations Riyadh
76%
Current Destinations Tallinn
76%
Current Destinations Tunis
76%
Current Destinations Birmingham
75%
Current Destinations Sofia
75%
Current Destinations Zagreb
75%
Current Destinations Baku
74%
Current Destinations Beirut
74%
Current Destinations Cologne/Bonn
74%
Current Destinations Tampa
73%
Current Destinations Algiers
72%
Current Destinations Belgrade
72%
Current Destinations Luxembourg
72%
Current Destinations Vilnius
72%
Current Destinations Cancún
71%
Current Destinations Nur-Sultan
71%
Current Destinations Seville
71%
Current Destinations Düsseldorf
70%
Current Destinations Kraków
70%
Current Destinations Valencia
70%
Current Destinations Amman
69%
Current Destinations Tirana
69%
Current Destinations Palermo
68%
Current Destinations Bordeaux
67%
Current Destinations Florence
67%
Current Destinations Sarajevo
67%
Current Destinations Tbilisi
67%
Current Destinations Málaga
66%
Current Destinations Palma
66%
Current Destinations Salzburg
66%
Current Destinations Stuttgart
66%
Current Destinations Abuja
65%
Current Destinations Bilbao
65%
Current Destinations Charlotte
65%
Current Destinations Gdańsk
65%
Current Destinations Luanda
65%
Current Destinations Thessaloniki
65%
Current Destinations Toulouse
65%
Current Destinations Chişinău
64%
Current Destinations Dresden
63%
Current Destinations Gothenburg
63%
Current Destinations Ljubljana
62%
Current Destinations Malta
62%
Current Destinations Marrakech
62%
Current Destinations Odessa
62%
Current Destinations 2 Izmir
61%
Current Destinations Newcastle
61%
Current Destinations Antalya
60%
Current Destinations Basel Mulhouse Freiburg
60%
Seasonal Ibiza
60%
Current Destinations Leipzig/Halle
60%
Seasonal Malé
60%
Current Destinations Genoa
59%
Current Destinations Nuremberg
59%
Seasonal Ottawa
59%
Seasonal Split
59%
Current Destinations Bangalore
58%
Current Destinations Chennai
58%
Current Destinations Las Palmas
58%
Current Destinations San José
58%
Current Destinations Bremen
57%
Current Destinations Hanover
57%
Current Destinations Tenerife
57%
Current Destinations Bari
56%
Current Destinations Manama
56%
Current Destinations Bologna
55%
Current Destinations Nagoya
55%
Current Destinations Lviv
54%
Current Destinations Almaty
53%
Seasonal Dubrovnik
53%
Current Destinations Heraklion
53%
Current Destinations Nantes
53%
Current Destinations Strasbourg
53%
Current Destinations Graz
52%
Current Destinations Alicante
49%
Current Destinations Catania
48%
Seasonal Faro
46%
Seasonal Menorca
46%
Seasonal Cagliari
44%
Current Destinations Rhodes
44%
Current Destinations Katowice
43%
Current Destinations Linz
43%
Current Destinations Trieste
43%
Current Destinations Wroclaw
43%
Current Destinations Cluj-Napoca
42%
Current Destinations Funchal
41%
Seasonal Inverness
41%
Current Destinations Larnaca
41%
Current Destinations Newark
40%
Seasonal Port Louis
40%
Seasonal Corfu
39%
Seasonal Aalborg
38%
Current Destinations Nanjing
37%
Current Destinations Santiago de Compostela
37%
Current Destinations Dammam
36%
Current Destinations Poznań
36%
Current Destinations Erbil
35%
Seasonal Jersey
35%
Seasonal Rennes
35%
Current Destinations Rostock
35%
Seasonal Santorini
34%
Current Destinations Agadir
32%
Seasonal Tromsø
32%
Current Destinations Billund
30%
Current Destinations Fuerteventura
30%
Current Destinations Port Harcourt
30%
Current Destinations Qingdao
30%
Current Destinations Malabo
29%
Current Destinations Münster
29%
Current Destinations Pamplona
29%
Seasonal Shannon
29%
Seasonal Zadar
29%
Current Destinations Debrecen
27%
Current Destinations Shenyang
27%
Current Destinations Timișoara
27%
Seasonal Pula
26%
Seasonal Rimini
26%
Seasonal Rijeka
25%
Current Destinations Jerez de la Frontera
24%
Seasonal Bodrum
23%
Seasonal Bastia
22%
Seasonal Biarritz
22%
Seasonal Olbia
22%
Current Destinations Zakynthos
22%
Current Destinations Ancona
21%
Current Destinations Bydgoszcz
18%
Seasonal Eilat
18%
Current Destinations Paderborn
18%
Current Destinations Friedrichshafen
17%
Seasonal Lamezia Terme
14%
Current Destinations Rzeszów
14%
Current Destinations Sibiu
14%
Seasonal Tivat
13%
Seasonal Kittilä
10%
Seasonal Westerland
10%
Seasonal Ivalo
8%
Seasonal Heringsdorf
7%
Seasonal Kuusamo
7%
No matching quizzes found
Score Distribution
Percent of People with Each Score
Percentile by Number Answered
Your Score History
You have not taken this quiz since the last reset